00707nam 22001813 4500001000700000010003700007021001400044100004100058200006900099205000800168210004700176215004100223300004600264606015400310675002000464801001800484830002300502202842 aobra completa: 978-84-7841-079-8 bB-47155-L a20260702d u||y0pory50 ba aManual Merck de VeterinariafEditor: Cynthia M. Kahn, B.A., M.A. a6ª aBarcelonacEditorial Ocenao/ Centrumd2007 a2 vols (2682 p.)cencadernadod26 cm aEdição especial do 50º aniversário aVeterinária. Doenças inimigas e pragas de animais domésticos e úteis: controlo e tratamento. Medidas zootécnicas de protecçãoxZoologia a636.09vESzspa aPTbBMMNgRPC cFernandofFernando